| 000 | 00705nam a2200229 a 4500 | ||
|---|---|---|---|
| 001 | BRCA_4232 | ||
| 005 | 20190320204608.0 | ||
| 008 | 110610s1962----enka######---#000-0#eng-# | ||
| 041 | _aeng | ||
| 044 | _aenk | ||
| 050 | 4 |
_aN8670 _b.A78 1 1962 |
|
| 245 | 1 | 0 |
_aArt-Price Annual _b1961-1962 : volume XVII. |
| 260 |
_aLondres _bArt & Technology _c1962 |
||
| 300 |
_a548 p. (v.17) _bil. _c21 cm. |
||
| 500 | _aIncluye abreviaturas de los autores de la obra, listas y bibliografía | ||
| 500 | _aNueva serie: 1 julio, 1961 - 30 junio, 1962 | ||
| 500 | _aVer también DD30 (v.15), U74 (v.10) y X87 (v.14) | ||
| 500 | _aAM44 | ||
| 650 | 1 | 4 |
_aArte _vPrecios _zLondres _910910 |
| 902 | _aGFM | ||
| 942 |
_2lcc _cB |
||
| 999 |
_c3943 _d3943 |
||